Library of the University of Algiers 3
Ibrahim Sultan Cheibout
شعار جامعة الجزائر 3
مكتبة جامعة الجزائر 3
إبراهيم سلطان شيبوط

الرياضيات الحديثة : (رقم التسجيلة. 44594)

تفاصيل مارك
000 -LEADER
fixed length control field 01627nam a2200217Ia 4500
003 - CONTROL NUMBER IDENTIFIER
control field Ost
005 - DATE AND TIME OF LATEST TRANSACTION
control field 20260507075447.0
008 - FIXED-LENGTH DATA ELEMENTS--GENERAL INFORMATION
fixed length control field 260507s9999||||xx |||||||||||||| ||und||
040 ## - CATALOGING SOURCE
Transcribing agency fsecg
041 ## - LANGUAGE CODE
Language code of text/sound track or separate title ara
082 ## - DEWEY DECIMAL CLASSIFICATION NUMBER
Classification number 510
100 ## - MAIN ENTRY--PERSONAL NAME
Personal name ابورحمة، اشرف حسين
Relator term مؤلف
245 #0 - TITLE STATEMENT
Title الرياضيات الحديثة :
Remainder of title المتجهات والعدديات-الاحدثيات،المنحنيات والمعدلات-التكامل العددي-الاعداد-قوانين مثلثية /
Statement of responsibility, etc. اشرف حسين ابورحمة
260 ## - PUBLICATION, DISTRIBUTION, ETC.
Place of publication, distribution, etc. عمان:
Name of publisher, distributor, etc. دار صفاء,
Date of publication, distribution, etc. 2008
300 ## - PHYSICAL DESCRIPTION
Extent 238 صفحة؛
504 ## - BIBLIOGRAPHY, ETC. NOTE
Bibliography, etc. note بيبليوغرافيا ص.237
520 ## - SUMMARY, ETC.
Summary, etc. منذ القدم والرياضيات تعرف بأم العلوم وأطلقوا عليها أسماء كثيرة مثل ملكة العلوم وقيصرة العلوم إلى آخره من الأسماءالتي تبرز دور الرياضيات وأهميتها وأنطلاقا من الأهمية البالغة لهذا العلم الذي يدخل في جميع مناحي الحياة وإن هذه المادة هي متتطلب أجباري لمعظم التخصصات في الجامعات والكليات فقد ضم هذا الكتاب في طياته فصو رئيسية تناولت المواضيع التالية : المتجهات والعدديات. -الاحدثيات. -المنحنيات والمعادلات. -التكامل العددي. -الاعداد .-قوانين مثلثية
653 ## - INDEX TERM--UNCONTROLLED
Uncontrolled term الاحتمالات ، المنحنيات والمعادلات
653 ## - INDEX TERM--UNCONTROLLED
Uncontrolled term الرياضيات
942 ## - ADDED ENTRY ELEMENTS (KOHA)
Koha item type كتب
المقتنيات
Withdrawn status Lost status Source of classification or shelving scheme Damaged status Not for loan Home library Current library Date acquired Serial enumeration / chronology Inventory number Total checkouts Full call number Barcode Date last seen Price effective from Koha item type
    Dewey Decimal Classification   NOT LOAN / إعارة داخلية مكتبة كلية العلوم الإقتصادية والعلوم التجارية وعلوم التسيير مكتبة كلية العلوم الإقتصادية والعلوم التجارية وعلوم التسيير 07/05/2026 الطابق الأرضي 3931   أ/2830ن1 3931 07/05/2026 07/05/2026 كتب
    Dewey Decimal Classification   Available مكتبة كلية العلوم الإقتصادية والعلوم التجارية وعلوم التسيير مكتبة كلية العلوم الإقتصادية والعلوم التجارية وعلوم التسيير 07/05/2026 الطابق الأرضي 3932   أ/2830ن2 3932 07/05/2026 07/05/2026 كتب
    Dewey Decimal Classification   Available مكتبة كلية العلوم الإقتصادية والعلوم التجارية وعلوم التسيير مكتبة كلية العلوم الإقتصادية والعلوم التجارية وعلوم التسيير 07/05/2026 الطابق الأرضي 3933   أ/2830ن3 3933 07/05/2026 07/05/2026 كتب
    Dewey Decimal Classification   Available مكتبة كلية العلوم الإقتصادية والعلوم التجارية وعلوم التسيير مكتبة كلية العلوم الإقتصادية والعلوم التجارية وعلوم التسيير 07/05/2026 الطابق الأرضي 3934   أ/2830ن4 3934 07/05/2026 07/05/2026 كتب
    Dewey Decimal Classification   Available مكتبة كلية العلوم الإقتصادية والعلوم التجارية وعلوم التسيير مكتبة كلية العلوم الإقتصادية والعلوم التجارية وعلوم التسيير 07/05/2026 الطابق الثاني 3935   أ/2830ن5 3935 07/05/2026 07/05/2026 كتب
    Dewey Decimal Classification   Available مكتبة كلية العلوم الإقتصادية والعلوم التجارية وعلوم التسيير مكتبة كلية العلوم الإقتصادية والعلوم التجارية وعلوم التسيير 07/05/2026 الطابق الثاني 3936   أ/2830ن6 3936 07/05/2026 07/05/2026 كتب
    Dewey Decimal Classification   Available مكتبة كلية العلوم الإقتصادية والعلوم التجارية وعلوم التسيير مكتبة كلية العلوم الإقتصادية والعلوم التجارية وعلوم التسيير 07/05/2026 مكتبة بن عكنون 3937   أ/2830ن7 3937 07/05/2026 07/05/2026 كتب
    Dewey Decimal Classification   Available مكتبة كلية العلوم الإقتصادية والعلوم التجارية وعلوم التسيير مكتبة كلية العلوم الإقتصادية والعلوم التجارية وعلوم التسيير 07/05/2026 مكتبة بن عكنون 3938   أ/2830ن8 3938 07/05/2026 07/05/2026 كتب

موارد الويب المفتوحة


© University of Algiers 3 All Rights Reserved
|
Implemented by LECHELAH Riad